000 00339nam a22001577a 4500
003 SGT
020 _a9789348385932
082 _a615
_bRAJ
100 _aRAJE V.N
245 _aCOMMUNITY PHARMACY MANAGEMENT
250 _a2ND
260 _aINDIA
_bCBS PUB
_c2026
300 _a227
650 _aCOMMUNITY PHARMACY
942 _2ddc
_cBK
999 _c34451
_d34451